LEADER 01097nam--2200337---450- 001 990003628430203316 005 20120223105927.0 010 $a978-84-470-2513-8 035 $a000362843 035 $aUSA01000362843 035 $a(ALEPH)000362843USA01 035 $a000362843 100 $a20120223d2007----km-y0itay50------ba 101 $aspa 102 $aES 105 $a||||||||001yy 200 1 $aSolidaridad y derecho de daños. Los límites de la responsabilidad colectiva$fCarlo Gómez Ligüerre$gprólogo Pablo Salvador Coderch 210 $aCizur Menorra$cThomson$d2007 215 $a436 p.$d22 cm 606 1 $aResponsabilità civile$ySpagna$2BNCF 676 $a346.4603 700 1$aGOMEZ LIGUERRE,$bCarlos$0611653 702 1$aCODERCH,$bPablo Salvador 801 0$aIT$bsalbc$gISBD 912 $a990003628430203316 951 $aXXV.1.M. 854$b70925 G.$cXXV.1.M.$d00307195 959 $aBK 969 $aUMA 979 $aIANNONE$b90$c20120223$lUSA01$h1059 996 $aSolidaridad y derecho de daños. Los límites de la responsabilidad colectiva$91138492 997 $aUNISA LEADER 02509oam 2200697 450 001 9910716749203321 005 20220609125634.0 035 $a(CKB)5470000002524684 035 $a(OCoLC)1264224749 035 $a(EXLCZ)995470000002524684 100 $a20210818d2021 ua 0 101 0 $aeng 135 $aur||||||||||| 181 $ctxt$2rdacontent 182 $cc$2rdamedia 183 $acr$2rdacarrier 200 10$aAppropriations for fiscal year 2022 $ehearing before the Committee on Appropriations, House of Representatives, One Hundred Seventeenth Congress, first session, June 9, 2021 210 1$aWashington :$cU.S. Government Publishing Office,$d2021. 215 $a1 online resource (iii, 222 pages) 300 $a"Member Day testimony for fiscal year 2022 appropriations." 517 $aAppropriations for fiscal year 2022 606 $aBudget$zUnited States 606 $aEconomic development projects$xFinance 606 $aInfrastructure (Economics)$zUnited States$xFinance 606 $aWater resources development$zUnited States$xFinance 606 $aEducation$zUnited States$xFinance 606 $aMedical care$zUnited States$xFinance 606 $aBudget$2fast 606 $aEconomic development projects$xFinance$2fast 606 $aEducation$xFinance$2fast 606 $aExpenditures, Public$2fast 606 $aInfrastructure (Economics)$xFinance$2fast 606 $aMedical care$xFinance$2fast 606 $aWater resources development$xFinance$2fast 607 $aUnited States$xAppropriations and expenditures 607 $aUnited States$2fast 608 $aLegislative hearings.$2fast 608 $aLegislative hearings.$2lcgft 615 0$aBudget 615 0$aEconomic development projects$xFinance. 615 0$aInfrastructure (Economics)$xFinance. 615 0$aWater resources development$xFinance. 615 0$aEducation$xFinance. 615 0$aMedical care$xFinance. 615 7$aBudget. 615 7$aEconomic development projects$xFinance. 615 7$aEducation$xFinance. 615 7$aExpenditures, Public. 615 7$aInfrastructure (Economics)$xFinance. 615 7$aMedical care$xFinance. 615 7$aWater resources development$xFinance. 801 0$bGPO 801 1$bGPO 801 2$bGPO 801 2$bOCLCO 801 2$bOCLCF 801 2$bGPO 906 $aBOOK 912 $a9910716749203321 996 $aAppropriations for fiscal year 2022$93505182 997 $aUNINA